Zgadnij sport po 2 informacjach - Statystyki

Ogólne statystyki
  • Ten quiz został rozwiązany 47 razy
  • Średni wynik to 7 z 10
Statystyki odpowiedzi
Informacje Odpowiedź % Poprawnych
Chicago Bulls,LeBron James Koszykówka
97%
Lamine Yamal,Trionda Piłka Nożna
97%
Mikasa,Tomasz Fornal Siatkówka
97%
Max Verstappen,Monza Formuła 1
84%
TCS,Kacper Tomasiak Skoki Narciarskie
82%
Jerzy Janowicz,mączka Tenis
76%
Mikkel Hansen,Jedna Wenta Piłka Ręczna
74%
Kento Momota,lotka Badminton
58%
Connor McDavid,kij hokej
55%
Felix Lebroun,okładzina Tenis Stołowy
24%
Nie znaleziono quizów pasujących do podanych kryteriów
Rozkład punktacji
Procent ludzi z każdym wynikiem
Percentyl według liczby udzielonych odpowiedzi
Twoja historia wyników
Nie rozwiązałeś tego quizu